[Event "Nakhchivan Open 2015"]
[Site "Nakhchivan AZE"]
[Date "2015.05.09"]
[Round "8"]
[White "Tabatabaei, M.amin"]
[Black "Hou, Yifan"]
[Result "0-1"]
[WhiteElo "2448"]
[BlackElo "2686"]
[PlyCount "134"]
[EventDate "2015.05.02"]

1. d4 Nf6 2. c4 e6 3. Nc3 Bb4 4. e3 O-O 5. Bd3 c5 6. Nf3 Nc6 7. O-O Bxc3 8.
bxc3 d6 9. e4 e5 10. d5 Ne7 11. Ne1 Ne8 12. g4 Ng6 13. Ng2 Nh4 14. Ne3 h5 15.
f3 Nf6 16. Nf5 Nh7 17. Be3 Ng5 18. Kh1 Nh3 19. gxh5 Nxf5 20. exf5 Qh4 21. h6
gxh6 22. Qd2 Kh8 23. Bxh6 Rg8 24. Be3 Bd7 25. f4 e4 26. Bxe4 Rae8 27. Bc2 Qg4
28. Bd1 Qxf5 29. Bf3 Qh7 30. Rae1 Rg7 31. f5 Qxf5 32. Bg2 Qh7 33. Bh6 Rgg8 34.
Re3 Rxe3 35. Bxe3 Bf5 36. Bf3 Bd3 37. Re1 Qf5 38. Bd4+ Kh7 39. Qxd3 Qxd3 40.
Be4+ Kh6 41. Bxd3 cxd4 42. Rf1 dxc3 43. Bf5 Ng5 44. h4 Nh7 45. Bxh7 Kxh7 46.
Rxf7+ Kg6 47. Rf3 c2 48. Rc3 Rh8 49. Kg2 Rxh4 50. Rxc2 b6 51. a4 Kf5 52. a5
bxa5 53. c5 Ke5 54. Kg3 Rb4 55. c6 Rb8 56. Ra2 Kxd5 57. Rxa5+ Kxc6 58. Rxa7 Rf8
59. Ra1 d5 60. Rc1+ Kb5 61. Rb1+ Kc4 62. Rc1+ Kb3 63. Rd1 Rd8 64. Kf2 Kc2 65.
Rd4 Kc3 66. Ra4 Re8 67. Ra3+ Kb4 0-1

[Event "Nakhchivan Open 2015"]
[Site "Nakhchivan AZE"]
[Date "2015.05.10"]
[Round "9"]
[White "Hou, Yifan"]
[Black "Khalifman, Alexander"]
[Result "1/2-1/2"]
[WhiteElo "2686"]
[BlackElo "2613"]
[PlyCount "44"]
[EventDate "2015.05.02"]

1. e4 e5 2. Nf3 Nc6 3. Bb5 a6 4. Ba4 Nf6 5. O-O Be7 6. Re1 b5 7. Bb3 O-O 8. d3
d6 9. a4 b4 10. a5 Rb8 11. Nbd2 Be6 12. h3 h6 13. Bc4 Qc8 14. Nf1 Rd8 15. Ne3
Bf8 16. c3 d5 17. exd5 Nxd5 18. Nxd5 Bxd5 19. Bxd5 Rxd5 20. c4 Rd6 21. Nxe5
Nxe5 22. Rxe5 Qd7 1/2-1/2

[Event "Women European Championship 2015"]
[Site "Chakvi. Adjara"]
[Date "2015.05.20"]
[Round "2"]
[White "Guseva, Marina"]
[Black "Dzagnidze, Nana"]
[Result "0-1"]
[WhiteElo "2391"]
[BlackElo "2570"]
[PlyCount "147"]
[EventDate "2015.??.??"]

1. d4 Nf6 2. c4 e6 3. Nc3 Bb4 4. Qc2 O-O 5. a3 Bxc3+ 6. Qxc3 b6 7. Bg5 Bb7 8.
e3 d6 9. Ne2 Nbd7 10. Qc2 h6 11. Bh4 e5 12. f3 Re8 13. Bf2 e4 14. f4 c5 15. d5
b5 16. cxb5 Nxd5 17. Nc3 Nxc3 18. Qxc3 d5 19. Be2 Rc8 20. O-O Nf6 21. Rad1 Qd7
22. Bh4 Nh7 23. b4 cxb4 24. Qxb4 Nf8 25. Rc1 Ng6 26. Bg3 Ne7 27. Rxc8 Rxc8 28.
Rd1 Rc2 29. Rd2 Rc1+ 30. Rd1 Qc7 31. f5 Qc2 32. Qe1 Rxd1 33. Bxd1 Qd3 34. f6
Nf5 35. fxg7 Nxg3 36. hxg3 Qxa3 37. Qd2 Qc5 38. Be2 Bc8 39. Kf2 Kxg7 40. Qb2+
f6 41. Bf1 Bg4 42. Be2 Bxe2 43. Qxe2 Qc8 44. Qd1 Qf5+ 45. Kg1 Qd7 46. Qd4 Qb7
47. Qc5 Kf7 48. Kh1 Ke6 49. Kh2 Qb6 50. Qc8+ Ke7 51. Qf5 Qxb5 52. Qh7+ Kd6 53.
Qxa7 Qc5 54. Qb8+ Kc6 55. Qf4 Kb5 56. Qxh6 Qc3 57. Qf4 Kc4 58. g4 Kd3 59. g5
fxg5 60. Qxg5 d4 61. exd4 e3 62. Qf5+ Kd2 63. Qf4 Kc2 64. d5 e2 65. Qe4+ Kd1
66. Qb1+ Kd2 67. Qa2+ Ke3 68. Qa7+ Ke4 69. Qa4+ Qd4 70. Qc2+ Qd3 71. Qc6 Ke3
72. Qh6+ Kd4 73. Qf6+ Kc4 74. Qa6+ 0-1

[Event "Women European Championship 2015"]
[Site "Chakvi. Adjara"]
[Date "2015.05.20"]
[Round "2"]
[White "Khotenashvili, Bela"]
[Black "Mamedjarova, Zeinab"]
[Result "1-0"]
[WhiteElo "2527"]
[BlackElo "2235"]
[PlyCount "77"]
[EventDate "2015.??.??"]

1. d4 f5 2. Bg5 d5 3. e3 c6 4. c4 Qb6 5. Qc2 Be6 6. c5 Qd8 7. Bd3 g6 8. h4 Nh6
9. h5 Bg7 10. Bxh6 Bxh6 11. hxg6 hxg6 12. g4 fxg4 13. Bxg6+ Kd7 14. Ne2 Bg5 15.
Rf1 Qf8 16. Nd2 Rh2 17. f4 Bh4+ 18. Kd1 Bf2 19. Qd3 Na6 20. f5 Bf7 21. Nf4 Bxg6
22. Nxg6 Qg7 23. Qe2 g3 24. Nf3 Rh6 25. Nfe5+ Kc7 26. Qf3 Rg8 27. a3 Kb8 28.
Kc2 Ka8 29. Kb3 Nc7 30. Ka2 Ne8 31. Ng4 Rh7 32. Nxf2 gxf2 33. Rxf2 e6 34. Raf1
exf5 35. Qxf5 a6 36. Ne5 Ka7 37. Qd3 Rh6 38. Rf7 Qg2 39. Qb3 1-0

[Event "Women European Championship 2015"]
[Site "Chakvi. Adjara"]
[Date "2015.05.21"]
[Round "3"]
[White "Dzagnidze, Nana"]
[Black "Danielian, Elina"]
[Result "1/2-1/2"]
[WhiteElo "2570"]
[BlackElo "2458"]
[PlyCount "109"]
[EventDate "2015.??.??"]

1. d4 Nf6 2. c4 e6 3. Nf3 b6 4. a3 Ba6 5. Qc2 Bb7 6. Nc3 c5 7. e4 cxd4 8. Nxd4
Bc5 9. Nb3 Nc6 10. Bg5 h6 11. Bh4 Nd4 12. Nxd4 Bxd4 13. Bd3 Qb8 14. Bg3 Be5 15.
O-O-O O-O 16. Bxe5 Qxe5 17. Kb1 Rac8 18. Rhe1 d6 19. g3 Rfd8 20. f4 Qc5 21. e5
dxe5 22. fxe5 Nd7 23. Nb5 Bf3 24. Rd2 a5 25. Nd6 Nxe5 26. Nxc8 Rxc8 27. Qc3
Nxd3 28. Rxd3 Bh5 29. Ka1 Bg6 30. Rd4 Qh5 31. Qd2 Kh7 32. Rc1 Qc5 33. Rc3 Qf5
34. Rc1 e5 35. Rd6 Rxc4 36. Rxb6 a4 37. Rb4 Qf2 38. Qe1 Rxc1+ 39. Qxc1 Qxh2 40.
Rxa4 Qxg3 41. Rc4 Bd3 42. Rc7 f5 43. a4 e4 44. Qc3 h5 45. a5 h4 46. a6 h3 47.
a7 h2 48. a8=Q h1=Q+ 49. Qc1 Qge1 50. Rxg7+ Kxg7 51. Qa7+ Kg8 52. Qb8+ Kg7 53.
Qe5+ Kg8 54. Qe8+ Kg7 55. Qe5+ 1/2-1/2

[Event "Women European Championship 2015"]
[Site "Chakvi. Adjara"]
[Date "2015.05.21"]
[Round "3"]
[White "Khotenashvili, Bela"]
[Black "Gevorgyan, Maria"]
[Result "1-0"]
[WhiteElo "2527"]
[BlackElo "2190"]
[PlyCount "53"]
[EventDate "2015.??.??"]

1. d4 d5 2. c4 dxc4 3. e4 e5 4. Nf3 exd4 5. Bxc4 Bb4+ 6. Nbd2 Nc6 7. O-O Be6 8.
Bxe6 fxe6 9. Nb3 Be7 10. Nbxd4 Nxd4 11. Nxd4 Qd7 12. Qh5+ Kf8 13. Rd1 Nf6 14.
Qh3 Kf7 15. e5 Rhd8 16. exf6 Bxf6 17. Be3 c5 18. Qh5+ Kg8 19. Nb3 Qa4 20. Nxc5
Qb5 21. Rxd8+ Rxd8 22. Rd1 b6 23. Rxd8+ Bxd8 24. Qd1 Bf6 25. Nxe6 Qxb2 26. a4
b5 27. Nc7 1-0

[Event "Women European Championship 2015"]
[Site "Chakvi GEO"]
[Date "2015.05.22"]
[Round "4"]
[White "Danielian, Elina"]
[Black "Khotenashvili, Bela"]
[Result "1/2-1/2"]
[WhiteElo "2458"]
[BlackElo "2527"]
[PlyCount "98"]
[EventDate "2015.05.19"]

1. d4 Nf6 2. c4 g6 3. g3 Bg7 4. Bg2 d5 5. cxd5 Nxd5 6. e4 Nb6 7. Ne2 O-O 8. O-O
e5 9. d5 c6 10. Nbc3 cxd5 11. exd5 Bf5 12. b3 Qd7 13. Be3 Na6 14. a4 Rfd8 15.
a5 Nc8 16. Ra4 Nd6 17. Qd2 Rdc8 18. Rh4 h5 19. f4 e4 20. Bd4 Qd8 21. h3 Bxd4+
22. Qxd4 Nc5 23. b4 Nd7 24. Qf2 Nf6 25. Nd1 Nxd5 26. g4 Rc4 27. gxh5 Qf6 28.
hxg6 fxg6 29. Qg3 Rc2 30. Re1 Rac8 31. Nf2 Kg7 32. Ng4 Qb2 33. Bf1 Nf7 34. Ne5
Nxe5 35. fxe5 Re8 36. Qg5 Qxe5 37. Qh6+ Kf7 38. Qh7+ Kf6 39. Qxb7 Nc3 40. Rh7
Nxe2+ 41. Rxe2 Qg3+ 42. Rg2 Rxg2+ 43. Bxg2 Qe3+ 44. Kh2 Kg5 45. Qg7 Qf4+ 46.
Kh1 Qc1+ 47. Kh2 Qf4+ 48. Kh1 Qc1+ 49. Kh2 Qf4+ 1/2-1/2

[Event "Women European Championship 2015"]
[Site "Chakvi. Adjara"]
[Date "2015.05.23"]
[Round "5"]
[White "Khotenashvili, Bela"]
[Black "Arabidze, Meri"]
[Result "1/2-1/2"]
[WhiteElo "2527"]
[BlackElo "2403"]
[PlyCount "101"]
[EventDate "2015.??.??"]

1. Nf3 d5 2. c4 d4 3. g3 Nc6 4. Bg2 e5 5. d3 Bb4+ 6. Nbd2 a5 7. O-O Nf6 8. Rb1
Be7 9. Ne1 O-O 10. a3 a4 11. Nc2 Re8 12. b4 axb3 13. Nxb3 h6 14. e3 dxe3 15.
fxe3 e4 16. d4 Ra4 17. Nd2 Bg4 18. Qe1 b6 19. Rf2 Qd7 20. Qf1 Na5 21. Nxe4 Rxc4
22. Nxf6+ Bxf6 23. Nb4 Be6 24. d5 Bg4 25. Nc6 Rc5 26. Nxa5 Rxa5 27. Rb4 Be5 28.
Qd3 Bh5 29. Be4 Bd6 30. Bh7+ Kh8 31. Bf5 Qe7 32. Re4 Qd8 33. Rxe8+ Qxe8 34. g4
Bg6 35. Bxg6 fxg6 36. Bb2 Ra4 37. h3 Re4 38. Bd4 Be5 39. Bxe5 Qxe5 40. Rf3 Kh7
41. Kg2 Ra4 42. Rf7 Qb2+ 43. Rf2 Qa1 44. Rf1 Qe5 45. Rc1 Ra5 46. Rc6 Qxd5+ 47.
Qxd5 Rxd5 48. Rxc7 Rd3 49. Rb7 Rxe3 50. Rxb6 Rxa3 51. Rb5 1/2-1/2

[Event "Women European Championship 2015"]
[Site "Chakvi. Adjara"]
[Date "2015.05.24"]
[Round "6"]
[White "Kovalevskaya, Ekaterina"]
[Black "Khotenashvili, Bela"]
[Result "1-0"]
[WhiteElo "2450"]
[BlackElo "2527"]
[PlyCount "75"]
[EventDate "2015.??.??"]

1. e4 c6 2. Nc3 d5 3. Nf3 Nf6 4. e5 Ne4 5. Ne2 Qb6 6. d4 e6 7. Nfg1 f6 8. f3
Ng5 9. exf6 gxf6 10. f4 Nf7 11. Nf3 Na6 12. Ng3 Be7 13. c3 Bd7 14. Bd3 O-O-O
15. Qe2 c5 16. O-O c4 17. Bc2 Nc7 18. Kh1 Rde8 19. Nh5 Bd8 20. b4 Nb5 21. Qe1
Nbd6 22. a4 a6 23. Ng7 Re7 24. Nh5 Ne8 25. b5 axb5 26. Ba3 Nfd6 27. Bc5 Qc7 28.
axb5 Bxb5 29. Ra8+ Kd7 30. Qh4 Rf7 31. f5 Nxf5 32. Bxf5 exf5 33. Nf4 Nd6 34.
Qh5 Bc6 35. Ne5+ fxe5 36. dxe5 d4 37. Bxd6 Bxg2+ 38. Nxg2 1-0

[Event "Women European Championship 2015"]
[Site "Chakvi GEO"]
[Date "2015.05.25"]
[Round "7"]
[White "Khotenashvili, Bela"]
[Black "Charkhalashvili, Inga"]
[Result "1-0"]
[WhiteElo "2527"]
[BlackElo "2318"]
[PlyCount "85"]
[EventDate "2015.05.19"]

1. d4 Nf6 2. c4 e6 3. g3 d5 4. Nf3 dxc4 5. Bg2 Nc6 6. Qa4 Bb4+ 7. Bd2 Bxd2+ 8.
Nbxd2 O-O 9. Qxc4 Ne7 10. Rc1 c6 11. O-O b6 12. Rfd1 Bb7 13. Ne5 Nfd5 14. Bh3
Rc8 15. Ndf3 Qd6 16. Ng5 h6 17. Ne4 Qc7 18. b4 Nf5 19. Nc3 Nxc3 20. Rxc3 Nd6
21. Qd3 Nb5 22. Rcc1 Rfd8 23. e3 Qd6 24. Bg2 a6 25. a4 Na7 26. Nc4 Qc7 27. a5
bxa5 28. Nxa5 Qb6 29. Rc5 Qxb4 30. Qb1 Qxb1 31. Rxb1 Ba8 32. Rb6 Rb8 33. Rxa6
Rb1+ 34. Bf1 Nb5 35. Nxc6 Nc7 36. Ra7 Bxc6 37. Rxc6 Nd5 38. Kg2 Rb2 39. Kf3 h5
40. h3 g5 41. g4 hxg4+ 42. hxg4 Kg7 43. Rxe6 1-0

[Event "Women European Championship 2015"]
[Site "Chakvi GEO"]
[Date "2015.05.27"]
[Round "8"]
[White "Savina, Anastasia"]
[Black "Khotenashvili, Bela"]
[Result "0-1"]
[WhiteElo "2417"]
[BlackElo "2527"]
[PlyCount "107"]
[EventDate "2015.05.19"]

1. d4 Nf6 2. c4 g6 3. Nc3 d5 4. cxd5 Nxd5 5. e4 Nxc3 6. bxc3 Bg7 7. Be3 O-O 8.
Rc1 c5 9. Qd2 Qa5 10. Nf3 Bg4 11. Be2 Bxf3 12. Bxf3 Nc6 13. d5 Ne5 14. Be2 c4
15. f4 Nd7 16. O-O Rac8 17. e5 Nb6 18. Bxb6 Qxb6+ 19. Kh1 Qc5 20. Rb1 b5 21. a4
a6 22. axb5 axb5 23. Bf3 f6 24. f5 fxe5 25. fxg6 b4 26. Bg4 Rxf1+ 27. Rxf1 Rb8
28. cxb4 Qd4 29. Qg5 Qd3 30. Rg1 Bf6 31. gxh7+ Kh8 32. Qf5 Qxd5 33. Rd1 Qc6 34.
h3 c3 35. Bf3 Qa4 36. Qg6 Bg7 37. Rc1 Qxb4 38. Bd5 Rf8 39. Qd3 Rd8 40. Qa6 Qf4
41. Rf1 Qd2 42. Be4 Qe3 43. Qg6 Qh6 44. Qg3 Rc8 45. Qg4 Rd8 46. Qg3 Qd2 47. Qg6
Bh6 48. Qe6 Qd6 49. Qc4 Qd4 50. Qc6 Bf4 51. Qg6 Qc4 52. Ra1 c2 53. Bxc2 Rc8 54.
Bd1 0-1

[Event "Women European Championship 2015"]
[Site "Chakvi GEO"]
[Date "2015.05.28"]
[Round "9"]
[White "Khotenashvili, Bela"]
[Black "Zhukova, Natalia"]
[Result "0-1"]
[WhiteElo "2527"]
[BlackElo "2456"]
[PlyCount "90"]
[EventDate "2015.05.19"]

1. d4 Nf6 2. c4 e6 3. Nf3 d5 4. g3 a6 5. Bg2 dxc4 6. O-O b5 7. Ne5 Nd5 8. Nc3
Bb7 9. e4 Nxc3 10. bxc3 Nd7 11. f4 Be7 12. a4 O-O 13. Rb1 Nxe5 14. fxe5 Bc6 15.
d5 Bc5+ 16. Kh1 Bd7 17. axb5 axb5 18. Qh5 Ra2 19. Rf4 Be7 20. Be3 Bg5 21. Bd4
Bxf4 22. gxf4 Qa8 23. Rg1 Ra1 24. Bf1 Kh8 25. f5 Re1 26. Qh4 Qa1 27. Qe7 Rg8
28. Bg2 Rxg1+ 29. Bxg1 Be8 30. f6 gxf6 31. Qxf6+ Rg7 32. dxe6 Qb2 33. Bf1 Qc2
34. h3 Qxe4+ 35. Kh2 Qg6 36. Bf2 Qxf6 37. exf6 Rg5 38. e7 Kg8 39. Bg2 Rf5 40.
Bh4 b4 41. Kg3 b3 42. Be4 Re5 43. Bb1 Re1 44. Bf5 b2 45. Kg4 h5+ 0-1

[Event "Women European Championship 2015"]
[Site "Chakvi GEO"]
[Date "2015.05.29"]
[Round "10"]
[White "Mikadze, Miranda"]
[Black "Khotenashvili, Bela"]
[Result "0-1"]
[WhiteElo "2233"]
[BlackElo "2527"]
[PlyCount "94"]
[EventDate "2015.05.19"]

1. d4 Nf6 2. Nf3 g6 3. c3 Bg7 4. h3 O-O 5. Bf4 d6 6. Nbd2 Nbd7 7. e4 Qe8 8. Qc2
e5 9. dxe5 dxe5 10. Bg5 Nh5 11. O-O-O Nc5 12. Nb3 Ne6 13. Be3 a5 14. Kb1 Qc6
15. Rd5 b6 16. Nxe5 Qb7 17. Bb5 Bxe5 18. Rxe5 c6 19. Rxh5 gxh5 20. Be2 Ng7 21.
g4 h4 22. Bg5 c5 23. Bxh4 Qc6 24. Bg3 a4 25. Nd2 a3 26. b3 b5 27. Nf1 c4 28. b4
f5 29. gxf5 Bxf5 30. f3 Bg6 31. Ne3 Rae8 32. Ka1 Rxe4 33. fxe4 Bxe4 34. Bd3
Bxh1 35. Bxh7+ Kh8 36. Bg6 Rf6 37. Bh7 Rf3 38. Be4 Rxg3 39. Bxc6 Rg1+ 40. Nd1
Bxc6 41. Qc1 Be4 42. h4 Nf5 43. Qd2 Bd3 44. h5 Ne3 45. h6 Rxd1+ 46. Qxd1 Nxd1
47. h7 Be2 0-1

[Event "Women European Championship 2015"]
[Site "Chakvi GEO"]
[Date "2015.05.30"]
[Round "11"]
[White "Khotenashvili, Bela"]
[Black "Paehtz, Elisabeth"]
[Result "1/2-1/2"]
[WhiteElo "2527"]
[BlackElo "2473"]
[PlyCount "86"]
[EventDate "2015.05.19"]

1. d4 d5 2. c4 c6 3. cxd5 cxd5 4. Nc3 Nc6 5. Bf4 Nf6 6. e3 a6 7. Bd3 Bg4 8.
Nge2 e6 9. O-O Be7 10. a3 O-O 11. Qb3 Na5 12. Qc2 Bh5 13. b4 Nc4 14. e4 Bg6 15.
exd5 Nxd5 16. Nxd5 exd5 17. Bxg6 hxg6 18. Nc3 Rc8 19. Rfe1 Bf6 20. Qd3 Qd7 21.
Be5 Rfd8 22. Bxf6 gxf6 23. h3 Kg7 24. Re2 Qc6 25. Nd1 Re8 26. Rxe8 Rxe8 27. Nc3
Rc8 28. Ne2 Qd6 29. g3 Rh8 30. h4 Re8 31. Kg2 Qe6 32. Nc3 Nd6 33. Qf3 Ne4 34.
Re1 f5 35. Qf4 Rc8 36. Nxe4 fxe4 37. h5 Qf5 38. Qe3 Qxh5 39. Rh1 Qf3+ 40. Qxf3
exf3+ 41. Kxf3 Kf6 42. Re1 Rc4 43. Re8 Rxd4 1/2-1/2

[Event "Chinese League (Division A) 2015"]
[Site "China CHN"]
[Date "2015.06.04"]
[Round "5"]
[White "Gu, Tianlu"]
[Black "Ju, Wenjun"]
[Result "0-1"]
[WhiteElo "2182"]
[BlackElo "2557"]
[PlyCount "176"]
[EventDate "2015.04.10"]
[WhiteTeam "Hangzhou"]
[BlackTeam "Shanghai"]

1. e4 c5 2. Nf3 d6 3. d4 cxd4 4. Nxd4 Nf6 5. Nc3 a6 6. h3 e5 7. Nde2 h5 8. g3
Be7 9. Bg2 Nbd7 10. a4 b6 11. Nd5 Nxd5 12. Qxd5 Rb8 13. Be3 Bb7 14. Qd2 f5 15.
Nc3 Nf6 16. Qd3 O-O 17. O-O fxe4 18. Nxe4 d5 19. Nxf6+ Rxf6 20. Rad1 Rd6 21.
Qf5 Bf6 22. Qxh5 d4 23. Bc1 Bxg2 24. Kxg2 Qd7 25. Qe2 Qxa4 26. Kg1 Rc6 27. b3
Qa2 28. Rd2 Rbc8 29. f4 exf4 30. gxf4 Qa5 31. Bb2 Qf5 32. Qg4 Qh7 33. Rff2 Rd8
34. Kh2 Qh6 35. Rd3 Rdc8 36. Rdd2 Rd8 37. Rfe2 Kh8 38. Rd3 Rdc8 39. Rdd2 Rc5
40. Bxd4 Bxd4 41. Rxd4 Rxc2 42. Rd8+ Rxd8 43. Rxc2 Rf8 44. Rc8 Rxc8 45. Qxc8+
Kh7 46. Qf5+ Qg6 47. Qd5 a5 48. h4 Qg4 49. Qd3+ g6 50. Qd4 Qxh4+ 51. Kg2 Qg4+
52. Kf2 Qe6 53. Qd3 Kg7 54. Qc3+ Qf6 55. Qc7+ Kh6 56. Kg3 Qd4 57. Qf7 Qd3+ 58.
Kg4 Qd1+ 59. Kg3 Qg1+ 60. Kf3 Qf1+ 61. Kg3 Qe1+ 62. Kf3 Qc3+ 63. Kg4 Qc8+ 64.
Kg3 Qf5 65. Qg8 Qf6 66. Qc8 Qd4 67. Qh3+ Kg7 68. Qe6 Qd3+ 69. Kg4 Qd1+ 70. Kg3
Qg1+ 71. Kf3 Qh1+ 72. Kg3 Qg1+ 73. Kf3 Qc5 74. Qd7+ Kf6 75. Qd8+ Kf7 76. Qd7+
Qe7 77. Qc6 Qe6 78. Qc7+ Kg8 79. Qb8+ Kh7 80. Qc7+ Kh6 81. Qd8 Qxb3+ 82. Ke4
Qe6+ 83. Kf3 Qc6+ 84. Kg3 Kg7 85. Qe7+ Kg8 86. Kh4 a4 87. Qd8+ Kf7 88. Qd4 Qf6+
0-1

[Event "Chinese League (Division A) 2015"]
[Site "China CHN"]
[Date "2015.06.04"]
[Round "5"]
[White "Zhu, Jiner"]
[Black "Zhao, Xue"]
[Result "0-1"]
[WhiteElo "1989"]
[BlackElo "2527"]
[PlyCount "84"]
[EventDate "2015.04.10"]
[WhiteTeam "Zhejiang"]
[BlackTeam "Beijing"]

1. e4 c6 2. d4 d5 3. exd5 cxd5 4. Bd3 Nf6 5. c3 Qc7 6. Ne2 Bg4 7. f3 Bh5 8. Bf4
Qd7 9. O-O Nc6 10. Be5 Bg6 11. Nf4 e6 12. Nxg6 hxg6 13. Qe2 Nxe5 14. dxe5 Bc5+
15. Kh1 Nh5 16. Qe1 Nf4 17. Qd2 g5 18. g3 Nxd3 19. Qxd3 O-O-O 20. Nd2 Bb6 21.
Qe2 f6 22. Nb3 Rh3 23. Qg2 Rdh8 24. Rfe1 Bc7 25. Nd2 Bxe5 26. Nf1 Qc7 27. Kg1
Qb6+ 28. Qf2 Qxf2+ 29. Kxf2 Rxh2+ 30. Nxh2 Rxh2+ 31. Kg1 Rxb2 32. a4 Bxg3 33.
Red1 Bf4 34. Rd3 Kc7 35. Re1 Be5 36. Ra1 a5 37. Ra3 Kc6 38. Kf1 Kc5 39. Ke1 Kc4
40. Re3 Rh2 41. Kd1 b6 42. Ke1 Bd6 0-1

[Event "Chinese League (Division A) 2015"]
[Site "China CHN"]
[Date "2015.06.04"]
[Round "5"]
[White "Khotenashvili, Bela"]
[Black "Ren, Xiaoyi"]
[Result "1-0"]
[WhiteElo "2513"]
[BlackElo "2211"]
[PlyCount "99"]
[EventDate "2015.04.10"]
[WhiteTeam "Tianjing"]
[BlackTeam "Chengdu"]

1. d4 d5 2. c4 c6 3. e3 Nf6 4. Nc3 g6 5. Nf3 Bg7 6. Be2 dxc4 7. Bxc4 O-O 8. O-O
Bg4 9. h3 Bxf3 10. Qxf3 Nbd7 11. Rd1 e5 12. a4 Re8 13. a5 e4 14. Qe2 b5 15. Ba2
b4 16. Nb1 Rb8 17. Nd2 Qe7 18. Bb3 Kh8 19. Qc4 Qd6 20. Ba4 Rbc8 21. Nb3 Nd5 22.
Bd2 f5 23. Rac1 f4 24. Bxc6 fxe3 25. fxe3 Ne7 26. d5 Qg3 27. Be1 Qxe3+ 28. Bf2
Qf4 29. Qe2 Nxc6 30. Rxc6 Rcd8 31. Qe3 Qxe3 32. Bxe3 Bxb2 33. d6 Ne5 34. Rc7
Nd3 35. d7 Re7 36. Nc5 Kg7 37. Rxa7 b3 38. a6 Bf6 39. Nxb3 Nb2 40. Rc1 Rexd7
41. Rxd7+ Rxd7 42. Nc5 Re7 43. a7 Nd3 44. Nxd3 exd3 45. a8=Q Rxe3 46. Rc7+ Kh6
47. Qf8+ Kg5 48. Rc5+ Be5 49. Qd8+ Kf5 50. Qd7+ 1-0

[Event "Chinese League (Division A) 2015"]
[Site "China CHN"]
[Date "2015.06.05"]
[Round "6"]
[White "Khotenashvili, Bela"]
[Black "Yuan, Ye"]
[Result "1-0"]
[WhiteElo "2513"]
[BlackElo "2114"]
[PlyCount "57"]
[EventDate "2015.04.10"]
[WhiteTeam "Tianjing"]
[BlackTeam "Qingdao"]

1. d4 Nf6 2. Nf3 g6 3. Bf4 Bg7 4. e3 O-O 5. h3 d5 6. c3 c5 7. Nbd2 b6 8. a4 Ba6
9. Bxa6 Nxa6 10. O-O Re8 11. Qe2 Nc7 12. a5 c4 13. axb6 axb6 14. Rxa8 Nxa8 15.
Ra1 b5 16. Ra6 Qc8 17. Ra7 Nd7 18. e4 Nab6 19. Bc7 e6 20. e5 Na8 21. Bd6 Bf8
22. Bxf8 Rxf8 23. Qe1 Nab6 24. Qa1 Na4 25. Qa3 Nb8 26. Qd6 Nxb2 27. Ne1 Na4 28.
Nb1 Rd8 29. Rc7 1-0

[Event "Chinese League (Division A) 2015"]
[Site "China CHN"]
[Date "2015.06.05"]
[Round "6"]
[White "Zhao, Xue"]
[Black "Lei, Tingjie"]
[Result "1-0"]
[WhiteElo "2527"]
[BlackElo "2444"]
[PlyCount "159"]
[EventDate "2015.04.10"]
[WhiteTeam "Beijing"]
[BlackTeam "Hangzhou"]

1. d4 Nf6 2. c4 g6 3. Nc3 d5 4. cxd5 Nxd5 5. Bd2 Bg7 6. e4 Nxc3 7. Bxc3 O-O 8.
Qd2 c5 9. d5 e6 10. Bxg7 Kxg7 11. Bc4 exd5 12. Bxd5 Nd7 13. Ne2 Nf6 14. O-O-O
Qe7 15. Rhe1 Be6 16. Nf4 Bxd5 17. Nxd5 Nxd5 18. exd5 Qd6 19. Qc3+ Kg8 20. Qe5
Rfd8 21. Qxd6 Rxd6 22. Re7 b6 23. Rd3 a6 24. a4 Kf8 25. Rc7 Re8 26. a5 bxa5 27.
Rxc5 a4 28. Kc2 Re4 29. Kc3 Rb6 30. Rc8+ Ke7 31. d6+ Kd7 32. Rc7+ Kd8 33. Rd2
Rxd6 34. Rxf7 Rc4+ 35. Kxc4 Rxd2 36. Kc3 Re2 37. h4 Ke8 38. Rf3 Kd7 39. g4 a5
40. Rf4 Kc6 41. Rf7 Re4 42. f3 Re3+ 43. Kd2 Rb3 44. Kc2 Kd5 45. Ra7 Rxf3 46.
Rxa5+ Kc6 47. Rxa4 Rh3 48. g5 Kc5 49. Rf4 Kd5 50. Kd2 Ke5 51. Rb4 Kd5 52. Kd1
Rh2 53. Kc1 Kc5 54. Rf4 Kb5 55. Kb1 Kc5 56. Ka2 Kb5 57. Ka3 Rh3+ 58. b3 Rh2 59.
b4 Rh3+ 60. Kb2 Kc6 61. Rd4 Kb5 62. Kc2 Kb6 63. Kd2 Kb5 64. Ke2 Kb6 65. Kf2 Kc6
66. Kg2 Rb3 67. Kh2 Kc7 68. Rf4 Kd6 69. Rf7 Rxb4 70. Kg3 Ke6 71. Rxh7 Rb3+ 72.
Kf4 Rb4+ 73. Kf3 Rb3+ 74. Ke4 Rb4+ 75. Ke3 Kf5 76. Rh6 Ra4 77. Kd3 Rb4 78. Rh8
Ra4 79. Ke3 Rb4 80. h5 1-0

[Event "Chinese League (Division A) 2015"]
[Site "China CHN"]
[Date "2015.06.05"]
[Round "6"]
[White "Ju, Wenjun"]
[Black "Sukandar, Irine Kharisma"]
[Result "0-1"]
[WhiteElo "2557"]
[BlackElo "2427"]
[PlyCount "71"]
[EventDate "2015.04.10"]
[WhiteTeam "Shanghai"]
[BlackTeam "Shandong"]

1. d4 Nf6 2. c4 e6 3. g3 d5 4. Nf3 dxc4 5. Bg2 Bd7 6. Nbd2 Bc6 7. Nxc4 Bb4+ 8.
Bd2 Bxd2+ 9. Qxd2 O-O 10. O-O Nbd7 11. Rac1 Bd5 12. b4 Nb6 13. Na5 Qe7 14. a3
Rfd8 15. Rfd1 h6 16. Ne5 Bxg2 17. Kxg2 c6 18. Qf4 Rd6 19. Qf3 Nfd7 20. Nd3 Rxd4
21. Nxb7 e5 22. Na5 Rd6 23. Nxc6 Qe8 24. e4 Rc8 25. Nxa7 Rxc1 26. Rxc1 Nf6 27.
Nc5 Nfd7 28. Nd3 Nf6 29. Nc5 Rd4 30. b5 Qf8 31. Qf5 Nc4 32. Qc8 Nxa3 33. Qxf8+
Kxf8 34. b6 Nd7 35. Nxd7+ Rxd7 36. Rc7 0-1

[Event "Chinese League (Division A) 2015"]
[Site "China CHN"]
[Date "2015.06.06"]
[Round "7"]
[White "Zhou, Guijue"]
[Black "Ju, Wenjun"]
[Result "0-1"]
[WhiteElo "2175"]
[BlackElo "2557"]
[PlyCount "74"]
[EventDate "2015.04.10"]
[WhiteTeam "Qingdao"]
[BlackTeam "Shanghai"]

1. e4 c5 2. b3 Nc6 3. Bb2 e6 4. Bb5 Qc7 5. Ne2 Nf6 6. Bxc6 Qxc6 7. d3 Be7 8.
O-O d5 9. e5 Nd7 10. d4 b6 11. Nd2 Ba6 12. Re1 O-O 13. Nf3 Bxe2 14. Qxe2 Rfc8
15. Rac1 c4 16. c3 a5 17. Ra1 b5 18. bxc4 Qxc4 19. Qxc4 Rxc4 20. Nd2 Rcc8 21.
g3 Nb6 22. Rab1 Na4 23. Re3 b4 24. cxb4 Rc2 25. Bc1 Bxb4 26. Nb3 Rxa2 27. Ra1
Rxa1 28. Nxa1 Rc8 29. Ba3 h6 30. Kf1 Nc3 31. Nc2 Nd1 32. Re2 Rxc2 33. Bxb4 Rc1
34. Be1 Nc3 35. Re3 Nb5 36. Kg2 a4 37. Bb4 Rc4 0-1

[Event "Chinese League (Division A) 2015"]
[Site "China CHN"]
[Date "2015.06.06"]
[Round "7"]
[White "Sukandar, Irine Kharisma"]
[Black "Zhao, Xue"]
[Result "0-1"]
[WhiteElo "2427"]
[BlackElo "2527"]
[PlyCount "74"]
[EventDate "2015.04.10"]
[WhiteTeam "Shandong"]
[BlackTeam "Beijing"]

1. e4 e5 2. Nf3 Nc6 3. Bb5 Nge7 4. c3 a6 5. Ba4 g6 6. d4 exd4 7. cxd4 b5 8. Bc2
Bg7 9. O-O O-O 10. a4 b4 11. a5 d5 12. h3 dxe4 13. Bxe4 Bf5 14. Bxc6 Nxc6 15.
Be3 Re8 16. Nbd2 Nxd4 17. Bxd4 Bxd4 18. Nc4 Bd3 19. Re1 Qd5 20. Ne3 Bxe3 21.
fxe3 Rad8 22. Qd2 Be4 23. Qxd5 Rxd5 24. Rac1 c5 25. Kf2 Red8 26. Rc4 Bd3 27.
Rcc1 c4 28. Ra1 c3 29. bxc3 b3 30. Ra4 b2 31. Nd2 Rf5+ 32. Kg3 Bc2 33. Rd4 Rb8
34. Nb1 Rxa5 35. Rd2 Be4 36. Kf4 f5 37. Kg5 Ra1 0-1

[Event "Chinese League (Division A) 2015"]
[Site "China CHN"]
[Date "2015.06.06"]
[Round "7"]
[White "Li, Xueyi"]
[Black "Khotenashvili, Bela"]
[Result "0-1"]
[WhiteElo "2190"]
[BlackElo "2513"]
[PlyCount "64"]
[EventDate "2015.04.10"]
[WhiteTeam "Guangdong"]
[BlackTeam "Tianjing"]

1. d4 g6 2. c4 Bg7 3. Nc3 c5 4. d5 d6 5. e4 e6 6. Bd3 Ne7 7. Nge2 a6 8. Bg5 h6
9. Bf4 exd5 10. exd5 O-O 11. Qd2 Bf5 12. O-O Bxd3 13. Qxd3 Nf5 14. Rab1 Re8 15.
Ng3 Nd4 16. Nge4 Bf8 17. Rbe1 Nd7 18. Nxd6 Rxe1 19. Rxe1 Qb6 20. Nde4 Re8 21.
Qf1 f5 22. Ng3 Rxe1 23. Qxe1 Qxb2 24. h4 Nf6 25. Be5 Ng4 26. Na4 Nf3+ 27. gxf3
Qxe5 28. Qxe5 Nxe5 29. Nb6 Nxf3+ 30. Kf1 Nxh4 31. Ke2 Kf7 32. Ke3 Ng2+ 0-1